LETS PLAY GEOMETRY (Record no. 380352)

MARC details
000 -LEADER
fixed length control field 00350nam a2200145Ia 4500
008 - FIXED-LENGTH DATA ELEMENTS--GENERAL INFORMATION
fixed length control field 100122s9999 xx 000 0 und d
082 ## - DEWEY DECIMAL CLASSIFICATION NUMBER
Item number 66168
Classification number 513
100 ## - MAIN ENTRY--PERSONAL NAME
Personal name SHEVRIN L. N.
245 ## - TITLE STATEMENT
Title LETS PLAY GEOMETRY
260 ## - PUBLICATION, DISTRIBUTION, ETC. (IMPRINT)
Name of publisher, distributor, etc MIR PUBLISHERS
Date of publication, distribution, etc 1985
300 ## - PHYSICAL DESCRIPTION
Extent 131
630 ## - SUBJECT ADDED ENTRY--UNIFORM TITLE
Uniform title LETS PLAY GEOMETRY
730 ## - ADDED ENTRY--UNIFORM TITLE
Uniform title LETS PLAY GEOMETRY
942 ## - ADDED ENTRY ELEMENTS (KOHA)
Koha item type Book
Holdings
Withdrawn status Lost status Damaged status Not for loan Home library Current library Date acquired Cost, normal purchase price Total Checkouts Full call number Barcode Date last seen Cost, replacement price Price effective from Koha item type Public note
        S.V. Pathak Library, Vile Parle S.V. Pathak Library, Vile Parle 10/12/2004 40.00   66168 SVPPARLE-66168 01/25/2010 40.00 01/25/2010 Book ", , General, NA"